[Event "PRO League Prelim 2023"]
[Site "chess.com INT"]
[Date "2023.03.03"]
[Round "3.1"]
[White "Lou Yiping"]
[Black "Nakamura, Hi"]
[Result "0-1"]
[WhiteElo "2500"]
[BlackElo "2768"]
[PlyCount "104"]
[EventDate "2023.02.14"]
[WhiteTeam "Shanghai Tigers"]
[BlackTeam "Gotham Knights"]

1. d4 Nf6 2. c4 e6 3. Nc3 Bb4 4. Qc2 c5 5. dxc5 Bxc5 6. Nf3 Qb6 7. e3 Qc7 8. Bd3 b6 ({RR} 8... a6 9. O-O Be7 10. a3 d6 11. b4 Nbd7 12. Bb2 b6 13. Rac1 Bb7 14. Nd4 O-O 15. Ne4 Rac8 16. Nb3 Qb8 17. Nxf6+ Nxf6 18. Bxf6 Bxf6 19. Bxh7+ Kh8 20. Bd3 d5 21. c5 e5 22. Qe2 e4 23. Bxa6 {Zhu,P (2033)-Lim,M (1844) Kenilworth ENG 2024 1-0}) 9. O-O ({RR} 9. b3 Bb7 10. Bb2 Be7 11. Ne4 d6 12. Nxf6+ Bxf6 13. Bxf6 gxf6 14. Nd4 Nc6 15. Nb5 Qd7 16. Be4 a6 {½-½ (16) Baburin,A (2586)-Tiviakov,S (2627) Bunratty 1999}) 9... Bb7 10. Ne4 Nc6 $146 ({RR} 10... Be7 11. b3 d6 12. Bb2 Nbd7 13. Rac1 Rc8 14. Nxf6+ Nxf6 15. e4 O-O 16. e5 dxe5 17. Nxe5 h6 18. Qe2 Ba8 19. f4 Rcd8 20. f5 exf5 21. Rxf5 Rfe8 22. Rcf1 Rxd3 23. Qxd3 Be4 24. Qg3 Bxf5 25. Rxf5 {Kim,S (2295)-Shkapenko,P (2424) Chess.com INT 2021 1-0 (72)}) 11. a3 Nxe4 12. Bxe4 f5 13. Bd3 Bd6 14. e4 Ne7 15. Re1 O-O 16. b4 Ng6 17. exf5 exf5 18. Bxf5 Bxf3 19. gxf3 Bxh2+ 20. Kh1 Be5 21. Rb1 d6 22. Bxg6 hxg6 23. Kg2 Qf7 24. Qe4 Rac8 25. Qd5 Rxc4 26. Qxf7+ Rxf7 27. Be3 b5 28. Rb3 a6 29. Rd3 Rf5 30. Bd2 Kf7 31. Re4 Ke6 32. Rg4 g5 33. a4 Bf4 34. axb5 axb5 35. Bc3 g6 36. Kf1 Be5 37. Bxe5 Rxe5 38. Rgd4 d5 39. Kg2 Rf5 40. Kg3 Rxd4 41. Rxd4 Ke5 42. Rd1 Rf4 43. Re1+ Kd6 44. Ra1 d4 45. Ra8 Rf7 46. Kg4 d3 47. Ra3 Rf4+ 48. Kxg5 Rxf3 49. Ra2 Kd5 50. Kxg6 Kc4 51. Kg5 Kb3 52. Rd2 Kc3 0-1

[Event "Norway Chess 6th"]
[Site "Stavanger"]
[Date "2018.06.02"]
[Round "5"]
[White "Mamedyarov, Shakhriyar"]
[Black "Nakamura, Hikaru"]
[Result "1/2-1/2"]
[WhiteElo "2808"]
[BlackElo "2769"]
[Annotator "Yermolinsky,Alex "]
[PlyCount "47"]
[EventDate "2018.05.28"]
[EventType "tourn"]
[EventRounds "9"]
[EventCountry "NOR"]
[EventCategory "22"]
[SourceTitle "CBM 185"]
[Source "ChessBase"]
[SourceDate "2018.07.13"]
[SourceVersion "1"]
[SourceVersionDate "2018.07.13"]
[SourceQuality "1"]

1. d4 Nf6 2. c4 e6 3. Nc3 Bb4 4. Qc2 {Lately it seems every time Shakh plays this move the game ends in a quick draw.} ({Are the glory days of} 4. f3 {completely gone?}) 4... O-O ({RR} 4... d5 5. a3 Bxc3+ 6. Qxc3 {½-½ (23) Vitiugov,N (2709)-Giri,A (2780) Shenzhen 2018}) 5. a3 Bxc3+ 6. Qxc3 d5 7. Bg5 dxc4 8. Qxc4 b6 9. Rd1 {A little twist} ({on the usual} 9. Nf3 Ba6 {but essentially the same thing.}) 9... Ba6 10. Qa4 h6 11. Bh4 Qe7 12. Nf3 Rd8 13. e3 ({Morozevich tried to spice up the otherwise dull position by introducing} 13. g4 {lost to Leko in 2014 and beat Oparin in 2015. I guess now, as the element of surprise is gone, there are no takers.}) 13... Bxf1 14. Rxf1 c5 15. dxc5 Rxd1+ 16. Qxd1 g5 {The first independent move, but it was very predictable, being the engine's #1 choice.} (16... bxc5 17. Ne5 Qc7 18. Bxf6 gxf6 {Guseva-Kashlinskaya, 2016, gave White some initiative albeit the game also ended peacefully.}) 17. Bg3 Qxc5 18. Qd8+ Kg7 19. Be5 Qc1+ 20. Ke2 Qc4+ 21. Ke1 Qc1+ 22. Ke2 Qc4+ 23. Ke1 Qc1+ 24. Ke2 $146 1/2-1/2

[Event "Barcelona Casino"]
[Site "Barcelona"]
[Date "2007.10.26"]
[Round "9"]
[White "Narciso Dublan, Marc"]
[Black "Nakamura, Hikaru"]
[Result "0-1"]
[WhiteElo "2546"]
[BlackElo "2648"]
[PlyCount "142"]
[EventDate "2007.10.18"]
[EventType "tourn"]
[EventRounds "9"]
[EventCountry "ESP"]
[EventCategory "15"]
[SourceTitle "CBM 121"]
[Source "ChessBase"]
[SourceDate "2007.11.14"]
[SourceVersion "1"]
[SourceVersionDate "2007.11.14"]
[SourceQuality "1"]

1. d4 {ChessBase} Nf6 2. c4 e6 3. Nc3 Bb4 4. e3 b6 5. Bd3 Bb7 6. Nf3 O-O 7. O-O Bxc3 ({RR} 7... c5 8. Na4) 8. bxc3 Be4 ({RR} 8... Ne4 9. Ne1 ({RR} 9. Qc2 f5 10. Nd2 Qh4 11. g3 Ng5 12. gxh4 ({RR} 12. e4 fxe4 13. gxh4 Nh3+ 14. Kg2 exd3+ 15. Kxh3 dxc2) 12... Nh3#) 9... Qh4 10. f3) 9. Be2 ({RR} 9. Bxe4 Nxe4 10. Qc2 f5 11. Ne5 Qe8 12. f3 Nf6 13. Ba3 d6 14. Nd3 c5) ({RR} 9. Ng5 Bxd3 10. Qxd3 h6 11. Nh3 d6 12. e4 Nbd7 13. f4) 9... c5 10. Nd2 Bb7 ({RR} 10... Bg6 11. Nb3 d6 12. f3 Nbd7 13. e4 Ne8 14. Be3 f5 15. exf5) 11. f3 ({RR} 11. Nb3 Qc7 12. f3) 11... d5 12. Nb3 ({RR} 12. dxc5 bxc5 13. Rb1 Qc7 14. Qb3) 12... dxc4 $146 ({RR} 12... Qc7 13. dxc5 bxc5 ({RR} 13... dxc4 14. Bxc4 Nbd7 15. Ba3 Nxc5 16. Nxc5 bxc5 17. e4) 14. cxd5 exd5 ({RR} 14... Nxd5 15. Qc2 f5) 15. c4 Re8 16. Qc2 Nbd7 17. cxd5 Nxd5 18. e4 Nb4 ({RR} 18... Nf4 19. Bxf4 Qxf4 20. Bb5) 19. Qc3 Nd5 20. Qa5 N5b6 ({RR} 20... Qxa5 21. Nxa5) 21. Be3 c4 22. Rac1 Re5 23. Bxc4 ({RR} 23. Qa3 f5 24. Bf4 fxe4 25. Bxe5 Qxe5) 23... Qd6 ({RR} 23... Rxa5 24. Bxf7+ Kxf7 25. Rxc7 Rxa2 26. Bxb6) ({RR} 23... Qxc4 24. Rxc4 Rxa5 25. Nxa5 Nxc4 26. Nxc4 Ba6 27. Rc1 Rc8 28. Nd6) 24. Rfd1 Rxa5 ({RR} 24... Nxc4 25. Rxd6 Nxa5 26. Rxd7 Nxb3 27. axb3) 25. Rxd6 Rxa2 26. Bxb6 Nxb6 27. Bxf7+ {Portisch,L-Larsen,B Halle/Saale 1963 MCL [ChessBase] 1-0 (31)}) 13. Bxc4 Qc7 14. Qe2 Nbd7 15. Bb2 Rac8 16. Nd2 Ne8 17. Bd3 Nd6 18. c4 Rfe8 19. Rfe1 f5 20. Qf2 e5 21. d5 Re7 22. Qh4 Rce8 23. Bc2 Nf8 24. Rac1 Ng6 25. Qf2 a6 26. Bd1 Bc8 27. Be2 Bd7 28. Bf1 Bc8 29. Rc3 f4 30. Bd3 Bf5 31. Bxf5 Nxf5 32. exf4 exf4 33. Rxe7 Ngxe7 34. Ne4 Nc8 35. Rc1 Ncd6 36. Ng5 Re3 37. Ne6 Qe7 38. Ba1 h5 39. g3 Ra3 40. Re1 Nxc4 41. Nxf4 Re3 42. Ne6 Rxe1+ 43. Qxe1 Qd7 44. Qe4 Qa4 45. Qe2 Qb5 46. Qd3 Nce3 47. Qxb5 axb5 48. Nf4 Kf7 49. Kf2 g5 50. Nxh5 Nxd5 51. g4 Kg6 52. f4 gxf4 53. Kf3 Kg5 54. Ng7 Nh4+ 55. Kf2 Kxg4 56. Ne8 Nb4 57. Nf6+ Kh3 58. Nd7 Nd3+ 59. Kf1 f3 60. Ne5 Nb4 61. a3 Nc2 62. Bc3 Ne3+ 63. Kg1 f2+ 64. Kxf2 Nd1+ 65. Ke2 Nxc3+ 66. Kd3 Na4 67. Ke4 Ng2 68. Kd5 Ne3+ 69. Kc6 Nc4 70. Kxb5 Nxe5 71. Kxa4 c4 0-1

[Event "USA-ch"]
[Site "Saint Louis"]
[Date "2009.05.13"]
[Round "6"]
[White "Onischuk, Alexander"]
[Black "Nakamura, Hikaru"]
[Result "1/2-1/2"]
[WhiteElo "2684"]
[BlackElo "2701"]
[PlyCount "85"]
[EventDate "2009.05.08"]
[EventType "swiss"]
[EventRounds "9"]
[EventCountry "USA"]
[SourceTitle "CBM 130"]
[Source "ChessBase"]
[SourceDate "2009.05.20"]
[SourceVersion "1"]
[SourceVersionDate "2009.05.20"]
[SourceQuality "1"]

1. d4 {Krasenkow,Michal} Nf6 2. c4 e6 3. Nc3 Bb4 4. e3 b6 5. Bd3 Bb7 6. Nf3 O-O 7. O-O d5 8. cxd5 exd5 9. a3 Bd6 10. b4 a6 11. Qb3 Nbd7 12. a4 Re8 ({RR} 12... Qe7 13. Rb1 ({RR} 13. Ba3 Rfd8 ({RR} 13... Rfb8 14. Rfb1 c5 15. bxc5 bxc5 16. dxc5 Nxc5 17. Bxc5 Bxc5 18. Ne2 a5 19. Ned4 g6 20. Rc1) ({RR} 13... c6 14. Rfc1 Rab8 15. b5 axb5 16. Bxd6 Qxd6 17. axb5 c5 18. Bf5 Ra8 19. Qb2 g6) 14. b5 ({RR} 14. Rfe1 Nf8 15. b5 Bxa3 16. bxa6 Bxa6 17. Bxa6 Rxa6 18. Rxa3 c5 19. Ra2 Ne4) 14... Bxa3 15. bxa6 Bxa6 16. Bxa6 Rxa6 17. Rxa3 c6 18. Ra2 Rda8 19. Rc1 h6 20. Rac2 Qd6) ({RR} 13. b5 axb5 14. Nxb5 c5 15. Ba3 ({RR} 15. Nxd6 Qxd6 16. Bf5 c4 17. Qc2 Rfe8 18. Bb2 Bc8) 15... Ba6 16. Rfd1 ({RR} 16. Bf5 Bxb5 17. Qxb5 g6 18. Bc2 ({RR} 18. Bh3 Rfd8) 18... Rfc8 19. Qe2 Ne4 20. Bb2 c4 21. Rab1 Bb4 22. Ba1 Ndf6) ({RR} 16. Rfb1 g6 17. Qd1 Bxb5 18. Bxb5 c4 19. Bxd6 Qxd6 20. Nd2 Rfc8 21. Rc1 Kg7 22. Nb1 Nf8) 16... Bxb5 17. Bxb5 c4 18. Bxd6 Qxd6 19. Qa3 Qe6 20. Qb4 Ra5 21. h3 h6 22. Rab1 Rfa8 23. Rdc1 Ne4) 13... c6 ({RR} 13... Ne4 14. Nxd5 Bxd5 15. Qxd5 Nc3 16. Qb3 Nxb1 17. Qxb1 h6 18. b5 axb5 19. axb5 Rfd8 20. e4 Nf8 21. e5 Ba3 22. Be3 Qb4 23. Qc2) ({RR} 13... Rfe8 14. b5 axb5 15. axb5 Ne4 ({RR} 15... Qe6 16. Ng5 Qe7 17. f4 Ba3 18. Bd2 h6 19. Nf3 Ne4 20. Bxe4 dxe4 21. Ne5 Nxe5 22. fxe5 Qe6 23. Be1 Bc1 24. Bf2 Qxb3 25. Rxb3 Ra3 26. Rxa3 Bxa3 27. Rb1 Ra8) 16. Nxd5 Bxd5 17. Qxd5 Nc3 18. Qb3 Nxb1 19. Qxb1 ({RR} 19. Bxb1 Nf6 20. e4 Nxe4 21. Re1 Qe6 22. Qxe6 Rxe6 23. Bxe4 Ra1 24. Ng5 Re7 25. Bxh7+ Kh8 26. Rf1) 19... Nf6 20. e4 Nxe4 21. Re1 f5 22. Ng5 Kh8 ({RR} 22... h6 23. Nxe4 fxe4 24. Bxe4 Qf6 25. Bb2 Rad8) 23. Bxe4 Qf6 24. Qb3 ({RR} 24. h4 fxe4 25. Rxe4 Qg6) 24... h6 25. Nf7+ Kh7 26. Ng5+ Kh8) 14. a5 ({RR} 14. Re1 Ne4 15. b5 Nxc3 16. Qxc3 cxb5 17. axb5 a5 18. Qb3 Nf6 19. Ra1 Ne4) ({RR} 14. Bf5 g6 15. Bh3 b5 16. axb5 axb5 17. Ng5 Nb6 18. e4 dxe4 19. Re1 Qc7 20. Ncxe4 Nxe4 21. Rxe4 Nd5 22. Bd2 Bxh2+ 23. Kh1 Bd6) ({RR} 14. Nd2 a5 15. bxa5 c5 ({RR} 15... Rxa5 16. e4 dxe4 17. Ndxe4 c5 18. d5 Nxe4 19. Bxe4 Ba6 20. Rd1 f5 21. Bc2 c4 22. Qb2 Be5) 16. a6 c4 17. axb7 cxb3 18. bxa8=Q Rxa8 19. Rxb3 Bb4 20. Ndb1 g6 21. Ba3 Bxa3 22. Nxa3 Nf8 23. Nc2 Rc8 24. Rfb1 Ne6) 14... Rfb8 ({RR} 14... b5 15. Nd2 h6 16. Re1 ({RR} 16. e4 dxe4 17. Ndxe4 Nxe4 18. Nxe4 Nf6 19. Re1 Bc8 20. Bd2 Be6 21. Qc2 Nxe4 22. Bxe4 Rac8)) ({RR} 14... bxa5 15. bxa5 Rab8 16. Qa2 c5 17. Ba3 ({RR} 17. Rxb7 Rxb7 18. Nxd5 Nxd5 19. Qxd5 Nf6 20. Qa2) 17... c4 ({RR} 17... cxd4 18. Bxd6 Qxd6 19. exd4 Ne4 20. Rfc1 Rfc8 21. Nd1) 18. Bxd6 Qxd6 19. Bc2 g6 20. Rb2 Ba8 21. Rfb1 Rxb2 22. Rxb2 h6 23. h3 Rb8) 15. axb6 Bc8 ({RR} 15... Nxb6 16. e4 dxe4 17. Nxe4 Nxe4 18. Re1 Nd5 19. Bxe4 Qc7 20. Bd2) ({RR} 15... a5 16. Na4 Bxb4 17. Bd2) 16. Qc2 Nxb6 ({RR} 16... Bxb4 17. Na4 Nxb6 18. Ne5 Nxa4 19. Nxc6 Qe8 20. Rxb4 Rxb4 21. Nxb4) ({RR} 16... Rxb6 17. Bd2 Rxb4 18. e4) 17. e4 dxe4 18. Nxe4 Nxe4 19. Bxe4 h6 20. Re1 Qc7 21. Bh7+ ({RR} 21. Qxc6 Qxc6 22. Bxc6 Bb7) 21... Kf8 22. Ne5 Nd5 ({RR} 22... Be6 23. Ng6+) 23. Nxf7 Qxf7 24. Bg6 Bf5 ({RR} 24... Qd7 25. Re8+ Qxe8 26. Bxe8 Kxe8 27. Qxc6+) 25. Bxf5 Nxb4 26. Qe4 Nd5 ({RR} 26... Re8 27. Be6 Qf6 28. Rb3) 27. Be6 {Mamedyarov,S (2772)-Adams,M (2747) Moscow 2017 CBM 179 [Krasenkow,Michal] 1-0} {RR} Re8) 13. Bb2 ({RR} 13. Ba3 Qe7 14. b5 a5 15. Rfc1 Rac8 16. Bf5 g6 17. Bh3 Bxa3 18. Qxa3 Qxa3 19. Rxa3 c5 20. Ne5 Nxe5 21. dxe5 Rxe5 22. Bxc8 Bxc8 23. Ne2 Bb7 24. f3 Ne8 25. Rd3 Kf8 26. Kf2 Nc7 27. Rcd1 f5 {Handke,F (2310)-Onischuk,A (2630) Fuerth 1998 ½-½ (72)}) 13... Qe7 $146 ({RR} 13... c6 14. b5 c5 15. Bf5 c4 16. Qc2 Nf8 17. bxa6 Rxa6 18. Nb5 Ng6 19. Ne5 Bxe5 20. dxe5 Nxe5 21. Rfd1 Bc6 22. e4 Bxb5 23. axb5 Rxa1 24. Bxa1 g6 25. exd5 gxf5 26. Qxf5 Nfd7 27. f4 Ng6 28. Bc3 {Safin,S (2523)-Harikrishna,P (2563) Mumbai 2003 0-1 (35)}) ({RR} 13... c6 14. Rfe1 Ne4 15. b5 Ndf6 16. bxc6 Bxc6 17. Ne5 Bxe5 18. dxe5 Nc5 19. Qc2 Rxe5 20. Ne2 Rh5 21. Nf4 Rg5 22. Bf1 Bb7 23. h4 Rg4 24. g3 Nfe4 25. Bg2 Ne6 26. Qe2 h5 27. Nxh5 Rg6 28. Rad1 {Chatalbashev,B (2483)-Narva,M (2416) Kuressaare EST 2024 1-0 (40)}) 14. b5 axb5 15. axb5 Nf8 16. Rxa8 Rxa8 17. Ne5 Bxe5 18. dxe5 N6d7 19. Nxd5 Qe6 20. e4 Nc5 21. Qc2 Bxd5 22. exd5 Qxd5 23. Bc4 Qe4 24. Qxe4 Nxe4 25. Bd5 Ra4 26. f4 g6 27. Ra1 Rb4 28. Ba3 Ra4 29. Bxe4 Rxe4 30. Be7 Kg7 31. Bf6+ Kh6 32. Bg5+ Kg7 33. Bf6+ Kh6 34. Bg5+ Kg7 35. Ra3 f5 36. exf6+ Kf7 37. Rd3 Rc4 38. g4 Rc5 39. Bh6 Ne6 40. g5 Ke8 41. Re3 Kf7 42. Rd3 Ke8 43. Re3 1/2-1/2

[Event "USA-ch"]
[Site "Saint Louis"]
[Date "2016.04.23"]
[Round "9"]
[White "Onischuk, Alexander"]
[Black "Nakamura, Hikaru"]
[Result "1/2-1/2"]
[WhiteElo "2664"]
[BlackElo "2787"]
[PlyCount "174"]
[EventDate "2016.04.14"]
[EventType "tourn"]
[EventRounds "11"]
[EventCountry "USA"]
[EventCategory "17"]
[SourceTitle "CBM 172"]
[Source "ChessBase"]
[SourceDate "2016.05.12"]
[SourceVersion "1"]
[SourceVersionDate "2016.05.12"]
[SourceQuality "1"]

1. d4 {Ftacnik,Lubomir} Nf6 2. c4 e6 3. Nc3 Bb4 4. e3 O-O 5. Bd3 c5 6. Nf3 d5 7. O-O cxd4 8. exd4 dxc4 9. Bxc4 b6 10. Bg5 Bb7 11. Rc1 Nc6 12. a3 Be7 13. Qd3 h6 ({RR} 13... Nd5 14. Bxd5 exd5 ({RR} 14... Bxg5 15. Nxg5 Qxg5 16. Be4 f5 17. Bxc6 Bxc6 18. f3 Rfd8 19. Ne2) 15. Bxe7 Nxe7 16. Rfe1 Rc8 17. h4 ({RR} 17. Re3 Qd6 18. Rce1) 17... h6 18. h5 Rc7 19. Nb5 ({RR} 19. Re3 Qc8 20. Rce1 Qf5 21. Qd2) 19... Rxc1 20. Rxc1 Ba6 21. a4 Bxb5 22. Qxb5 Nf5 23. g3 Ne7 24. Ne5 Qd6 25. Qa6 Nf5 26. Qd3 Ne7 27. Qf3 a5 28. Kg2 {Ivanchuk,V (2695)-Karpov,A (2725) Linares 1991 CBM 022 [Ftacnik,Lubomir] 1-0 (35)} ({RR} 28. b3) {RR} 28... g5) ({RR} 13... Rc8 14. Ba2 Rc7 15. Bb1 g6 16. Bh6 Re8 17. Rfe1 Rd7 18. Rcd1) 14. Be3 $146 ({RR} 14. Bxf6 Bxf6 15. Rfd1 Ne7 16. Ba6 Qc8 {½-½ (16) Morovic Fernandez,I (2580)-Alekseev,E (2691) Khanty-Mansiysk 2010}) ({RR} 14. Bh4 Rc8) ({RR} 14. Bf4 Bd6 15. Be5 Rc8 16. Rfd1 Na5 17. Ba2 Bxe5 18. Nxe5 Nd5 19. Bb1 f5 20. Qg3 Nc6 21. Ng6 Nxd4 22. Nxf8 Rxc3 23. Qe5 Rxc1 24. Rxc1 Qg5 25. f4 Nxf4 {0-1 (24) Rahman,S (2113)-Zia,T (2327) Colombo SRI 2025}) ({RR} 14. Bf4 Rc8 15. Rfe1 Bd6 16. Bd2 Bb8 17. Rcd1 Ne7 18. Ne5 Ned5 19. Ba2 Qe7 20. Qh3 Nxc3 21. Bxc3 Bd5 22. Bb1 Rfd8 23. f4 Qb7 24. f5 Re8 25. Re3 exf5 26. Qxf5 Be6 27. Qc2 a5 28. Rf3 Kf8 {Zeller,F (2443)-Grill,B (2229) Wuerttemberg 2011 1-0 (44)}) 14... Bd6 15. Ba6 Bxa6 16. Qxa6 Ne7 17. Rc2 Qc8 18. Qxc8 Raxc8 19. Rfc1 Bb8 20. h3 Rfd8 21. Kf1 Kf8 22. Ke2 Nfd5 23. Nxd5 Rxc2+ 24. Rxc2 Nxd5 25. Ne5 f6 26. Nc6 Rc8 27. Nb4 Rxc2+ 28. Nxc2 Ke7 29. Kd3 Kd7 30. Bd2 Bd6 31. Ne3 Nf4+ 32. Ke4 f5+ 33. Kf3 g5 34. Nc4 Ng6 35. g4 Kc6 36. d5+ exd5 37. Nxd6 fxg4+ 38. Kxg4 Kxd6 39. Kf5 Ne7+ 40. Kf6 d4 41. Bb4+ Kd7 42. Bd2 d3 43. Ke5 Ng6+ 44. Kf5 Nf4 45. h4 Nh3 46. hxg5 Nxg5 47. Kf4 Ne6+ 48. Ke3 Nc5 49. Be1 Kd6 50. b4 Ne6 51. Kxd3 Kd5 52. Bc3 h5 53. Bf6 b5 54. Ke3 a6 55. f4 Nf8 56. f5 Nd7 57. Ba1 h4 58. Kf3 h3 59. Kg3 Ke4 60. f6 Kf5 61. Kxh3 Nxf6 62. Kg3 Ne4+ 63. Kf3 Nd2+ 64. Ke2 Nc4 65. a4 bxa4 66. Kd3 Na3 67. Bg7 Nb5 68. Kc2 Ke4 69. Kb2 Kd3 70. Bf8 Kc4 71. Be7 Nd4 72. Ka3 Kb5 73. Bf8 Nc6 74. Bd6 Nd4 75. Bf8 Nf3 76. Be7 Nd2 77. Bf8 Nc4+ 78. Ka2 Ne3 79. Ka3 Nc2+ 80. Kb2 Nxb4 81. Bxb4 Kxb4 82. Ka2 a5 83. Kb2 a3+ 84. Ka2 a4 85. Ka1 Kb3 86. Kb1 a2+ 87. Ka1 a3 1/2-1/2

[Event "Titled Tue 10th Jan Early"]
[Site "chess.com INT"]
[Date "2023.01.10"]
[Round "3"]
[White "Samadov, Read"]
[Black "Nakamura, Hi"]
[Result "1/2-1/2"]
[WhiteElo "2458"]
[BlackElo "2768"]
[PlyCount "133"]
[EventDate "2023.01.10"]

1. d4 Nf6 2. c4 e6 3. Nc3 Bb4 4. Qc2 d5 5. a3 Be7 6. cxd5 exd5 7. Bg5 O-O 8. e3 Nbd7 9. Bd3 h6 10. Bh4 c6 11. Nge2 ({RR} 11. Nf3 Re8 12. h3 Ne4 13. Bxe7 Qxe7 14. O-O Nf8 15. Bxe4 dxe4 16. Nd2 Bf5 17. f4 Rad8 18. Ne2 Qh4 19. Qd1 Bxh3 20. gxh3 Qxh3 21. Rf2 Qxe3 22. Nf1 Qd3 23. Qe1 Ng6 24. Rd1 Qc4 25. Rg2 Qb3 {Morozevich,A (2750)-Mamedyarov,S (2719) Moscow 2009 0-1 (55)}) 11... Re8 12. O-O Nh5 $146 ({RR} 12... Nf8 13. f3 c5 14. Kh1 Be6 15. Bxf6 Bxf6 16. dxc5 Rc8 17. b4 b6 18. Ba6 Rc7 19. Nb5 Rce7 20. Nbd4 bxc5 21. bxc5 Qa5 22. Bd3 Rc7 23. Rac1 Rec8 24. c6 a6 25. Qc3 Qxc3 26. Rxc3 g5 27. Bxa6 {Shipov,S (2541)-Kislov,O (2249) Chess.com INT 2022 1-0 (31)}) 13. Bxe7 Qxe7 14. b4 a6 15. Rab1 b5 16. e4 dxe4 17. Bxe4 Bb7 18. Ng3 Nxg3 19. hxg3 Nb6 20. Rfe1 Qc7 21. a4 Nc4 22. Rbd1 Rad8 23. Bf3 Rxe1+ 24. Rxe1 g6 25. axb5 cxb5 26. Bxb7 Qxb7 27. d5 Nd6 28. Qd2 Qc7 29. Ne4 Nxe4 30. Rxe4 h5 31. Rd4 Qd6 32. Qc2 Re8 33. Re4 Rd8 34. Rd4 Qe5 35. Qd2 Rd6 36. Rd3 Kg7 37. Rd4 Kf8 38. Qh6+ Ke7 39. Qd2 Kd8 40. Rd3 g5 41. Rd4 Ke7 42. Rd3 Kf8 43. Rd4 Kg7 44. Rd3 Kg6 45. Rd4 Qf5 46. Qc3 Qe5 47. Qd3+ Kg7 48. Qd2 Kf8 49. Rd3 Kg8 50. Rd4 Kg7 51. Rd3 Kf8 52. Rd4 Ke7 53. Rd3 Kd7 54. Rd4 Kc7 55. Qc3+ Kb7 56. Qd2 f6 57. Rd3 h4 58. gxh4 gxh4 59. Rd4 f5 60. Rxh4 Rxd5 61. Rh7+ Kb8 62. Rh8+ Kb7 63. Rh7+ Kb6 64. Rh6+ Ka7 65. Rh7+ Kb8 66. Rh8+ Kb7 67. Rh7+ 1/2-1/2

[Event "Berlin FIDE GP 3 KO"]
[Site "Berlin"]
[Date "2022.04.02"]
[Round "2.1"]
[White "So, Wesley"]
[Black "Nakamura, Hikaru"]
[Result "1/2-1/2"]
[WhiteElo "2778"]
[BlackElo "2750"]
[PlyCount "60"]
[EventDate "2022.03.30"]
[EventType "k.o."]
[EventRounds "2"]
[EventCountry "GER"]
[SourceTitle "CBM 207"]
[Source "ChessBase"]
[SourceDate "2022.04.30"]
[SourceVersion "1"]
[SourceVersionDate "2022.04.30"]
[SourceQuality "1"]

1. d4 Nf6 2. c4 e6 3. Nc3 Bb4 4. Qc2 O-O 5. e4 d5 6. e5 Ne4 7. Bd3 c5 8. Nf3 cxd4 9. Nxd4 Nd7 10. Bf4 Qh4 11. g3 Qh5 12. O-O g5 13. cxd5 Bxc3 14. bxc3 exd5 15. Be3 Nxe5 16. f3 Nc5 17. Bf5 Ne6 18. Rae1 Nxd4 19. Bxd4 Nc6 20. f4 Nxd4 21. cxd4 gxf4 22. Rxf4 Bxf5 23. Rxf5 Qh6 24. Qc7 Rac8 25. Qe5 f6 26. Qxd5+ Kh8 27. Qxb7 $146 ({RR} 27. Rf2 Rc1 28. Qe6 Rd8 29. d5 Rxd5 30. Kg2 Rxe1 31. Qc8+ Kg7 32. Qxb7+ Kg6 33. Qxd5 Re7 34. Rf4 Qg5 35. Qg8+ Rg7 36. Qe8+ Rf7 37. h4 Qd5+ 38. Kh2 Qd2+ 39. Kh3 Qd7+ 40. Rg4+ Kh5 41. Qxd7 Rxd7 {Xiong,J (2700)-So,W (2778) Saint Louis 2021 ½-½ (48)}) 27... Rc2 28. Rf2 Rxf2 29. Kxf2 Qxh2+ 30. Qg2 Qh5 1/2-1/2

[Event "American Cup Champ"]
[Site "Saint Louis USA"]
[Date "2023.03.25"]
[Round "4.2"]
[White "So, W.."]
[Black "Nakamura, Hi"]
[Result "1/2-1/2"]
[WhiteElo "2761"]
[BlackElo "2768"]
[PlyCount "74"]
[EventDate "2023.03.17"]
[EventType "k.o."]

1. d4 Nf6 2. c4 e6 3. Nc3 Bb4 4. Qc2 O-O 5. a3 Bxc3+ 6. Qxc3 d5 7. Bg5 h6 8. Bxf6 Qxf6 9. Nf3 dxc4 10. Qxc4 Nc6 11. Qc3 Re8 12. Rd1 e5 13. d5 Nb8 14. e3 Bg4 15. Be2 Nd7 16. O-O Rac8 17. Qb4 Bxf3 18. Bxf3 Qb6 19. Qxb6 axb6 20. Bg4 Rcd8 21. Bxd7 Rxd7 22. e4 Rd6 23. Rd3 $146 ({RR} 23. Rc1 c6 24. dxc6 bxc6 25. Rfd1 Red8 26. Rxd6 Rxd6 27. Kf1 c5 28. Ke2 Rd4 29. f3 Kf8 30. Rc3 Ke7 31. Rb3 Rd6 32. Rd3 Rd4 33. Rb3 Rd6 34. Rd3 Rd4 {½-½ (34) Cheparinov,I (2663)-Duda,J (2732) Baku AZE 2023}) 23... b5 24. Rc1 c6 25. Kf1 Kf8 26. Ke2 Ke7 27. dxc6 bxc6 28. Rcd1 Rxd3 29. Rxd3 Ra8 30. b4 h5 31. h4 g6 32. f3 f6 33. Ke3 Ke6 34. Rc3 Kd6 35. Rd3+ Ke6 36. Rc3 Kd6 37. Rd3+ Ke6 1/2-1/2

[Event "Sinquefield Cup 6th"]
[Site "Saint Louis"]
[Date "2018.08.19"]
[Round "2"]
[White "So, Wesley"]
[Black "Nakamura, Hikaru"]
[Result "1/2-1/2"]
[WhiteElo "2780"]
[BlackElo "2777"]
[PlyCount "62"]
[EventDate "2018.08.18"]
[EventType "tourn"]
[EventRounds "9"]
[EventCountry "USA"]
[EventCategory "22"]
[SourceTitle "CBM 186"]
[Source "ChessBase"]
[SourceDate "2018.09.14"]
[SourceVersion "1"]
[SourceVersionDate "2018.09.14"]
[SourceQuality "1"]

1. c4 Nf6 2. Nc3 e6 3. d4 Bb4 4. Qc2 O-O 5. a3 Bxc3+ 6. Qxc3 d5 7. Bg5 dxc4 8. Qxc4 b6 9. Rd1 Ba6 10. Qc2 Nbd7 11. e4 Bxf1 12. Kxf1 Qc8 ({RR} 12... h6 13. Bh4 Qc8 14. Nf3 Qb7 15. Nd2 c5 16. Bxf6 Nxf6 17. e5 Nd7 18. Nf3 Rac8 19. Qe2 cxd4 20. Nxd4 Rc5 21. f4 Rd5 22. Kf2 Rd8 23. Rd2 Nf8 24. Rhd1 Ng6 25. g3 b5 26. Nf3 Ne7 27. Rxd5 {Machlik,M (2107)-Ouellet,M (2386) New York USA 2024 0-1 (52)}) 13. Ne2 h6 14. Bxf6 $146 ({RR} 14. Bh4 c5 15. f3 cxd4 16. Nxd4 Qxc2 17. Nxc2 Rac8 18. Ne3 Rfd8 19. Bxf6 Nxf6 20. Ke2 Kf8 21. Rxd8+ Rxd8 22. Rc1 Ke7 23. Rc7+ Rd7 24. Rc8 Rd8 25. Rc7+ Rd7 26. Rc8 Rd8 27. Rc7+ {½-½ (27) Castillo Dalmau,A (2302)-Martinez Pla,X (2322) Torredembarra 2022}) ({RR} 14. Bh4 c5 15. f3 cxd4 16. Nxd4 Qxc2 17. Nxc2 Rac8 18. Ne3 Rfd8 19. Bxf6 Nxf6 20. Ke2 Kf8 21. Rxd8+ Rxd8 22. Rc1 Ke7 23. Rc7+ Rd7 24. Rc8 Rd8 25. Rc7+ Rd7 26. Rc8 Rd8 27. Rc7+ {½-½ (27) Castillo Dalmau,A (2302)-Martinez Pla,X (2322) Torredembarra 2022}) 14... Nxf6 15. f3 Qb7 16. Rc1 c5 17. dxc5 bxc5 18. Kf2 Rab8 19. Qxc5 Qxb2 20. Qxa7 Ra8 21. Qd4 Qxa3 22. Ra1 Qe7 23. Rxa8 Rxa8 24. Ra1 Rxa1 25. Qxa1 Qc5+ 26. Qd4 Qc7 27. h3 Nd7 28. Qc3 Qb6+ 29. Qd4 Qc7 30. Qc3 Qb6+ 31. Qd4 Qc7 1/2-1/2

[Event "American Cup Champ"]
[Site "Saint Louis USA"]
[Date "2023.03.22"]
[Round "3.2"]
[White "So, W.."]
[Black "Nakamura, Hi"]
[Result "1/2-1/2"]
[WhiteElo "2761"]
[BlackElo "2768"]
[PlyCount "81"]
[EventDate "2023.03.17"]
[EventType "k.o."]

1. d4 Nf6 2. c4 e6 3. Nc3 Bb4 4. Qc2 O-O 5. e4 d5 6. e5 Ne4 7. Nf3 c5 8. Bd3 cxd4 9. Nxd4 Nd7 10. Bf4 Qh4 11. g3 Qh5 12. O-O g5 13. cxd5 gxf4 14. dxe6 Nxc3 15. exd7 Bxd7 ({RR} 15... fxg3 16. hxg3 Bxd7 17. bxc3 Rac8 18. Bf5 Bxc3 19. Bxd7 Bxa1 20. Bxc8 Bxd4 21. Kg2 Qxe5 22. Bxb7 Rb8 23. Rh1 h5 24. Rh4 Kg7 25. Re4 Qf5 26. Qd2 Qxf2+ 27. Qxf2 Bxf2 28. Kxf2 Rxb7 29. Ra4 Kg6 30. Kf3 {Vachier Lagrave,M (2778)-Ding,L (2791) Chess.com INT 2020 ½-½ (40)}) 16. bxc3 Rac8 17. Qd1 $146 ({RR} 17. Bf5 fxg3 18. hxg3 Bxc3 19. Bxd7 Bxa1 20. Bxc8 Bxd4 21. Bxb7 Qxe5 {½-½ (21) Stocek,J (2557)-Vitiugov,N (2724) Czech Republic 2016}) 17... Qxd1 18. Raxd1 Bxc3 19. Bf5 Rcd8 20. Bxd7 Rxd7 21. Nf5 Rxd1 22. Rxd1 Bxe5 23. Rd7 b5 24. Rxa7 fxg3 25. hxg3 b4 26. Kg2 h5 27. Kh3 Kh7 28. Ra6 Rd8 29. f4 Bc3 30. Kh4 Rd5 31. Rh6+ Kg8 32. Kg5 Bg7 33. Rxh5 Rd2 34. Kg4 Bc3 35. Rh6 Rxa2 36. Rb6 Ra7 37. Kg5 Kh7 38. Rh6+ Kg8 39. Rb6 Kh7 40. Rh6+ Kg8 41. Rb6 1/2-1/2